Les pronoms relatifs en latin - Statistiques

Statistiques générales
  • Ce quiz a été pris 40 fois
  • Le résultat moyen est 7 sur 12
Statistiques - réponses
Question Réponse % Correct
Nominatif masculin SG QUI
87%
Accusatif féminin SG QUAM
73%
Datif neutre PL QUIBUS
67%
Datif féminin SG CUI
60%
Génitif neutre SG CUJUS
60%
Puella peut être l'antécédent de qua
60%
Servus peut être l'antécédent de... quem
53%
Accusatif masculin PL QUOS
53%
La mer que je regarde. Mare quod specto.
47%
Templum peut être l'antécédent de... cui
40%
Je crois ce que je vois. Credo quae video.
33%
Nominatif neutre PL QUAE
33%
Aucun quiz correspondant
Distribution des résultats
% des personnes avec chaque résultat
Percentile par nombre de réponses
Votre historique - résultats
Vous n’avez pas pris ce quiz